|
|
|
|
| LEADER |
01002nam a2200205 a 4500 |
| 001 |
GR-MES7515 |
| 008 |
001213s gr 000 0 gre d |
| 040 |
|
|
|a GrPaTEI
|b gre
|c GR-PaULI
|
| 040 |
|
|
|a GrPaTEI
|b gre
|c GR-PaULI
|
| 245 |
0 |
0 |
|a Γενετική και βελτίωση δασοπονικών ειδών :
|b Γενετική /
|c Κωνσταντίνος Πανέτσος.
|
| 260 |
|
|
|a Θεσσαλονίκη :
|b Γιαχούδης-Γιαπούλης,
|c [x.x]
|
| 300 |
|
|
|a 276 σελ.
|
| 500 |
|
|
|a βιβλιογραφία:σελ(267-274)
|
| 650 |
|
4 |
|a Γενετική
|
| 650 |
|
4 |
|a δασοπονικα ειδη
|
| 700 |
1 |
|
|a ΠΑΝΕΤΣΟΣ, ΚΩΝΣΤΑΝΤΙΝΟΣ
|
| 942 |
|
|
|2 ddc
|
| 952 |
|
|
|0 0
|1 0
|2 ddc
|4 0
|6 581_350000000000000_ΠΑΝ
|7 0
|9 277857
|a MSLG
|b MSLG
|c BSC
|d 2021-01-17
|e 24
|f 0
|g 0.00
|l 0
|o 581.35 ΠΑΝ
|p 2420000018254
|r 2021-01-17 00:00:00
|t 1
|v 2021.00
|w 2021-01-17
|y BK15
|x Μεταφορά από Αμαλιάδα (18/10/22)
|x GrPaTEI
|
| 971 |
|
|
|a .b25859857
|b 15-04-20
|c 14-09-16
|
| 999 |
|
|
|c 161548
|d 161548
|